A carregar...

Swapnavyaparam /

Detalhes bibliográficos
Autor principal: Faizal Khan, M. S.
Idioma:Undetermined
Publicado em: Kozhikode : Mathrubhumi Books , 2016.
LEADER 00707nam a2200169Ia 4500
001 195006
008 170722s9999 xx 000 0 und d
020 |a 9788182669079 
100 |a Faizal Khan, M. S. 
245 |a Swapnavyaparam / 
260 |a Kozhikode :  |b Mathrubhumi Books ,  |c 2016. 
300 |a 208 p. 
923 |d 20170123  |n 001421 
942 |c GEN 
999 |c 156377  |d 156377 
952 |0 0  |1 0  |4 0  |6 O_323N822S_Q6Q61  |7 0  |9 219352  |a LIB  |b LIB  |d 2017-02-04  |e Mathrubhumi Books  |l 2  |o O32,3N822S Q6-Q6;1  |p 303197  |r 2018-09-05  |s 2018-08-23  |v 200.00  |w 2017-08-12  |y GEN 
952 |0 0  |1 0  |4 0  |6 O_323N822S_Q6Q61  |7 0  |9 219353  |a LIB  |b LIB  |d 2017-02-04  |e Mathrubhumi Books  |l 4  |o O32,3N822S Q6-Q6;1  |p 303198  |r 2018-07-13  |s 2018-06-13  |v 200.00  |w 2017-08-12  |y GEN